behind the sputniks ; survey of soviet space sciences (Record no. 293838)

000 -LEADER
fixed length control field 00292 a2200109 4500
001 - CONTROL NUMBER
control field 58765
082 ## - DEWEY DECIMAL CLASSIFICATION NUMBER
Classification number 629.1388 KRI
090 ## - LOCALLY ASSIGNED LC-TYPE CALL NUMBER (OCLC); LOCAL CALL NUMBER (RLIN)
-- 36078
-- 36078
100 ## - MAIN ENTRY--PERSONAL NAME
Personal name Krieger F J.
245 ## - TITLE STATEMENT
Title behind the sputniks ; survey of soviet space sciences
260 ## - PUBLICATION, DISTRIBUTION, ETC.
Place of publication, distribution, etc. Washington DC
Name of publisher, distributor, etc. Public Affairs Press
942 ## - ADDED ENTRY ELEMENTS (KOHA)
Institution code [OBSOLETE] NUST-CAE
Call number prefix 629.1388 KRI
Holdings
Withdrawn status Lost status Damaged status Not for loan Collection code Permanent Location Current Location Date acquired Total Checkouts Full call number Barcode Date last seen Price effective from Koha item type
          College of Aeronautical Engineering (CAE) College of Aeronautical Engineering (CAE) 04/03/2017   629.1388 KRI CAE74187 04/05/2017 04/05/2017 Book
© 2023 Central Library, National University of Sciences and Technology. All Rights Reserved.